| 000 | 00458nam a22001817a 4500 | ||
|---|---|---|---|
| 005 | 20260331123906.0 | ||
| 008 | 260331b |||||||| |||| 00| 0 eng d | ||
| 020 | _a81-7754-234-6 | ||
| 041 | _aeng | ||
| 082 | _a631.875 GUP-V | ||
| 100 |
_aGUPTA, DR. P.K. _94564 |
||
| 245 | _aVERMICOMPOSTING FOR SUSTAINABLE AGRICULTURE | ||
| 250 | _a2ND REV. ED. 2014 | ||
| 260 |
_aINDIA _bAGROBIOS _c2014 |
||
| 300 | _a208;P | ||
| 650 | _aAGRICULTURE | ||
| 942 | _cBK | ||
| 999 |
_c9109 _d9107 |
||